СССР. История великой державы (1922–1991 гг.)

Détails bibliographiques
Auteur principal: Вдовин А. И. Александр Иванович
Résumé:В книге прослежены основные события общественно-политической и социально-экономической истории СССР от образования в 1922 г. до разрушения в 1991 г. Выявляются идеологические основания внутренней и внешней политики страны, факторы и причины развития, завершившиеся попыткой перестройки и распадом великого государства. Включены темы, которые ранее освещались недостаточно (обстоятельства образования и разрушения СССР, создание советского атомного оружия, диссидентство, национальная и конфессиональная политика). Вкладка с фотографиями исторических деятелей, таблицы основных показателей развития страны, расширенный именной указатель на 1860 упомянутых в тексте исторических деятелей, обширный список новейшей литературы (820 наименований) — все это облегчает усвоение материала и дальнейшее обращение к затронутым в книге вопросам. Книга может служить хорошим пособием по общему курсу истории России XX-XXI вв. и специальным курсам по истории СССР 1922-1991 гг. для студентов и преподавателей высших учебных заведений исторического профиля и для всех тех. кто интересуется новейшей историей России.
Langue:russe
Publié: Москва, Проспект, 2019
Sujets:
Format: Livre
KOHA link:https://koha.lib.tpu.ru/cgi-bin/koha/opac-detail.pl?biblionumber=343653

MARC

LEADER 00000nam0a2200000 4500
001 343653
005 20260218170044.0
010 |a 9785998806995 
035 |a (RuTPU)RU\TPU\book\374076 
090 |a 343653 
100 |a 20191011d2019 k y0rusy50 ca 
101 0 |a rus 
102 |a RU 
105 |a c z 001zy 
200 1 |a СССР. История великой державы (1922–1991 гг.)  |f А. И. Вдовин 
210 |a Москва  |c Проспект  |d 2019 
215 |a 768 с.  |c ил. 
320 |a Библиогр.: с. 663-699 
320 |a Указатель имен: с. 700-755 
330 |a В книге прослежены основные события общественно-политической и социально-экономической истории СССР от образования в 1922 г. до разрушения в 1991 г. Выявляются идеологические основания внутренней и внешней политики страны, факторы и причины развития, завершившиеся попыткой перестройки и распадом великого государства. Включены темы, которые ранее освещались недостаточно (обстоятельства образования и разрушения СССР, создание советского атомного оружия, диссидентство, национальная и конфессиональная политика). Вкладка с фотографиями исторических деятелей, таблицы основных показателей развития страны, расширенный именной указатель на 1860 упомянутых в тексте исторических деятелей, обширный список новейшей литературы (820 наименований) — все это облегчает усвоение материала и дальнейшее обращение к затронутым в книге вопросам. Книга может служить хорошим пособием по общему курсу истории России XX-XXI вв. и специальным курсам по истории СССР 1922-1991 гг. для студентов и преподавателей высших учебных заведений исторического профиля и для всех тех. кто интересуется новейшей историей России. 
606 |7 ca  |8 rus  |a СССР  |x История  |z 1917-1991  |2 stltpush  |3 (RuTPU)RU\TPU\subj\65578  |9 82073 
610 1 |a национальный вопрос 
610 1 |a Советский Союз 
610 1 |a состав 
610 1 |a национальная политика 
610 1 |a политическая борьба 
610 1 |a социализм 
610 1 |a НЭП 
610 1 |a народное хозяйство 
610 1 |a восстановление 
610 1 |a индустриализация 
610 1 |a коллективизация 
610 1 |a культура 
610 1 |a внешняя политика 
610 1 |a социалистические преобразования 
610 1 |a идеология 
610 1 |a пятилетки 
610 1 |a культурная революция 
610 1 |a конституции 
610 1 |a экономика 
610 1 |a вооруженные силы 
610 1 |a Пятая колонна 
610 1 |a Великая Отечественная война 1941-1945 
610 1 |a оттепель 
610 1 |a развитой социализм 
610 1 |a инакомыслие 
610 1 |a церковь 
610 1 |a перестройка 
686 |a Т3(2)6  |v LBC/SL-A  |2 rubbk 
700 1 |a Вдовин  |b А. И.  |g Александр Иванович 
801 1 |a RU  |b 63413507  |c 20191011 
801 2 |a RU  |b 63413507  |c 20191114  |g RCR 
942 |c BK 
959 |a 15/20191011  |d 1  |e 800,00  |f ЧЗГЛ:1